000
00321nam a22001457a 4500
005
20160511112252.0
008
160511b xxu||||| |||| 00| 0 eng d
041
_a
eng
082
_b
1244
100
_a
Cascio F wayue
_9
430
245
_a
Managing Human Resours
260
_c
2006
650
_a
Management
_9
241
942
_c
BK
999
_c
518
_d
518